¿Cómo debemos usar el Antiguo Testamento? (3) (Registro nro. 68291)
[ vista simple ]
| 000 -LÍDER | |
|---|---|
| Campo fijo de descripción fija | 01239aab a2200193 i 4500 |
| 001 - NÚMERO DE CONTROL | |
| Campo de control | 768714001 |
| 003 - IDENTIFICADOR DEL NÚMERO DE CONTROL | |
| Campo de control | CO-MdFUSB |
| 005 - FECHA Y HORA DE LA ULTIMA TRANSACCIÓN | |
| control field | 20240422115634.0 |
| 008 - ELEMENTOS DE LONGITUD FIJA -- INFORMACIÓN GENERAL | |
| Campo fijo de descripción fija -- Información general | 221011s1996 ag ||||| |||| 00| 0 spa d |
| 040 ## - FUENTE DE CATALOGACIÓN | |
| Idioma de catalogación | spa |
| Agencia que realiza la transcripción | CO-MdFUSB |
| Agencia que realiza la modificación | CO-MdFUSB |
| 041 ## - CÓDIGO DE IDIOMA | |
| Código de idioma para texto/pista de sonido o título separado | spa |
| 100 1# - ASIENTO PRINCIPAL--NOMBRE PERSONAL | |
| Nombre personal | Breneman, Mervin (1930-) |
| Término relacionador | autor |
| 245 10 - TÍTULO | |
| Título | ¿Cómo debemos usar el Antiguo Testamento? (3) |
| Mención de responsabilidad | / Mervin Breneman |
| 300 ## - DESCRIPCIÓN FÍSICA | |
| Extensión | Volumen 15, número 2 (abril - junio, 1996) páginas: 23 - 25 |
| Dimensiones | ; 27 cm |
| 520 ## - NOTA DE RESUMEN, ETC. | |
| Nota de sumario, etc. | El punto principal de este articulo debe quedar claro: aprendamos de los fariseos y no seamos orgullosos de nuestra buena posición doctrinal, ni de nuestra buena hermenéutica, ni de nuestra comprensión de las escrituras, y así perdamos lo que Dios quiere hacer en nuestros días. Los propósitos y la palabra de Dios son mucho más grandes y amplios que todo nuestro entendimiento. Siempre habrá tensión entre guardar, por un lado la sana doctrina y la buena interpretación y, por otro, la dinámica y la libertad del Espíritu en la vida de la iglesia y en su uso de las Escrituras. |
| 630 07 - PUNTO DE ACCESO ADICIONAL DE MATERIA - TÍTULO UNIFORME | |
| Título uniforme | Biblia. |
| 773 0# - ASIENTO DE ITEM FUENTE | |
| Título | Iglesia y Misión |
| Biblionumber | 49402 |
| Itemnumber | 59640 |
| Parte(s) relacionada(s) / Volumen., número. (mes año), páginas | Volumen 15, número 2 (abril - junio, 1996) páginas: 23 - 25 |
| Enumeración y primera página | página: 23 |
| 942 ## - TIPO DE MATERIAL (KOHA) | |
| Tipo de Item KOHA | Artículos de Revista |
No hay ítems disponibles.
